MARC

LEADER 00000nas a22000001 4500
001 ssj0043203
003 WaSeSS
005 20200512172242.0
006 m d
007 cr n
008 741112d19631966njubr p s 0 a0eng
010 |a  65005107  
016 7 |a 7900452  |2 DNLM 
016 7 |a J36070000  |z J36140000  |2 DNLM 
016 7 |a 010491754  |2 Uk 
022 |l 0277-2973  |y 0277-2973 
030 |a JPYNAP 
035 |a (WaSeSS)ssj0043203 
040 |a DLC  |b eng  |c DLC  |d NSD  |d OCL  |d RCS  |d OCL  |d MXC  |d OCL  |d NLM  |d OCLCQ  |d LVB  |d OCLCQ  |d UKMGB  |d OCLCO  |d OCLCF  |d OCLCQ  |d OCLCO  |d OCLCA  |d WaSeSS 
042 |a pcc  |a nsdp 
050 0 0 |a RC440  |b .J65 
060 0 0 |a W1  |b JO853H 
210 0 |a J. psychiatr. nurs. 
222 0 |a Journal of psychiatric nursing 
245 0 0 |a Journal of psychiatric nursing  |h [electronic resource]. 
260 |a [Bordentown, N.J., etc.],  |b [S. James Pub. Co., etc.] 
310 |a Bimonthly 
362 0 |a v. 1, no. 1- v. 4 (Jan. 1963-1966). 
506 |a License restrictions may limit access. 
650 0 |a Psychiatric nursing  |v Periodicals. 
650 6 |a Soins infirmiers en psychiatrie  |v Périodiques. 
650 6 |a Santé mentale, Services de  |v Périodiques. 
650 7 |a Psychiatric nursing.  |2 fast  |0 (OCoLC)fst01081110 
650 2 |a Psychiatric Nursing. 
655 0 |a Electronic journals. 
785 0 0 |t Journal of psychiatric nursing and mental health services  |x 0360-5973  |g 1967  |w (OCoLC)1776048 
856 4 0 |z Full text available from Research Library: 01/01/1963 to 12/31/1966  |u https://search.proquest.com/publication/35532